| 000 | 00338nam a22001217a 4500 | ||
|---|---|---|---|
| 008 | 230703b xxu||||| |||| 00| 0 eng d | ||
| 082 |
_a342.16 _bIPU 1986 |
||
| 245 | _aConstitutional and Parliamentary Information | ||
| 260 |
_bAssociation of Secretaries General of Parliaments _c1986 |
||
| 300 | _a123p | ||
| 440 | _n148 | ||
| 942 |
_2ddc _cBK |
||
| 999 |
_c3450 _d3450 |
||